Statistiques concernant Lyrics Placebo - Every You Every Me

Cliquez ici pour prendre le quiz!

Statistiques générales

  • Ce quiz a été pris 14 fois
  • Le résultat moyen est 201 sur 243

Statistiques - réponses

Réponse% Correct
a
100%
and
100%
Every
100%
every
100%
I
100%
me
100%
to
100%
You
100%
you
100%
box
90%
Cause
90%
In
90%
in
90%
is
90%
love
90%
selfish
90%
Sucker
90%
the
90%
unkind
90%
use
90%
your
90%
arm
80%
blind
80%
choose
80%
comfort
80%
could
80%
do
80%
else
80%
hear
80%
heaven
80%
I'm
80%
into
80%
know
80%
my
80%
My
80%
No
80%
nothing
80%
rent
80%
sent
80%
alone
70%
always
70%
behind
70%
bent
70%
body's
70%
broken
70%
calling
70%
Carve
70%
charmed
70%
circumstances
70%
come
70%
excuse
70%
for
70%
head
70%
heart's
70%
Instead
70%
late
70%
leads
70%
lie
70%
Like
70%
much
70%
naked
70%
name
70%
of
70%
on
70%
only
70%
other
70%
our
70%
passion
70%
plate
70%
poison
70%
Pucker
70%
pucker
70%
serve
70%
shape
70%
so
70%
Someone
70%
space
70%
tart
70%
there's
70%
things
70%
time
70%
Too
70%
undone
70%
up
70%
yours
70%
abuse
60%
All
60%
Another
60%
blue
60%
bruise
60%
find
60%
here
60%
It's
60%
leave
60%
something
60%
Something
60%
spent
60%
stressed
60%
swing
60%
waste
60%
would
60%
at
50%
been
50%
borrowed
50%
heaven's
50%
known
50%
never
50%
stake
50%
what
50%
but
40%
here's
40%
mine
40%
sake
40%
these
30%
cling
20%
prone
20%
who's
20%

Distribution des résultats

Percentile par nombre de réponses

% des personnes avec chaque résultat

Votre développement - résultats

Vous n’avez pas pris ce quiz